000 01687cam a22004214i 4500
003 PE-LiUPU
005 20250731173129.0
008 150623s1970 flu rb 000 0 eng d
035 _a(Sirsi) a26241
040 _aPE-LiUPU
_bspa
_cPE-LiUPU
_erda
082 0 4 _a220.52
_bR91
_221
100 1 _aRuckman, Peter S.,
_eautor.
245 1 4 _aThe christian's handbook of manuscript evidence /
_cPeter S. Ruckman.
264 1 _aPalatka, Florida :
_bPensacola Bible Press,
_c1970.
300 _a227 páginas ;
_c21 centímetros
336 _atext
_2rdacontent
337 _aunmediated
_2rdamedia
338 _avolume
_2rdacarrier
504 _aIncluye bibliografía.
505 0 _aThe great disappearing Act -- The revival of third century superstitions -- The "yea hath God said" society -- The mythological LXX -- The original ASV: origen's hexapla -- The materials available -- The great juggling Act -- Correcting the greek with the english -- Bamboozling the elect -- Final considerations.
526 _aSEG42
526 _aSEG41
526 _aSEG40
526 _aSEG39
526 _aP94
526 _aP87
526 _aP86
526 _aP85
526 _aP77
526 _aP76
526 _aP35
650 0 4 _aVersiones de la Biblia
_xManual.
942 _2ddc
_cBOOK
949 _a220.52 R91
_wDEWEY
_c1
_i51526
_lCCODEBUL1
_mBUL
_p7.00
_r0
_sY
_tBOOK
_u2015-06-24
_xTEOLOGIA
_PP35
_0COMPRA
_o.STAFF. Colección Teología
596 _a1
999 _a220.52 R91
_wDEWEY
_c33251
_i51526
_f2021-11-9
_g5
_lCCODEBUL1
_mBUL
_p7.00
_r0
_sY
_tBOOK
_u2015-6-24
_xTEOLOGIA
_PP35
_0COMPRA
_o.STAFF. Colección Teología
_d33251
980 _81
_gALBERTO SANCHEZ Responsable de Automatización